[Event "Samara Polugaevsky Memorial 6th"]
[Site "Samara"]
[Date "2016.07.05"]
[Round "3"]
[White "Murtazin, Rifat"]
[Black "Gitelson, Arkady"]
[Result "0-1"]
[WhiteElo "1646"]
[BlackElo "2099"]
[PlyCount "60"]
[EventDate "2016.07.03"]
[EventType "swiss"]
[EventRounds "9"]
[EventCountry "RUS"]
[SourceTitle "EXT 2019"]
[Source "ChessBase"]
[SourceDate "2018.10.10"]
[SourceVersion "1"]
[SourceVersionDate "2018.10.10"]
[SourceQuality "1"]

1. e4 c5 2. Nf3 Nc6 3. Bb5 e6 4. 0-0 Nge7 5. c3 a6 6. Ba4 Ng6 7. d4 cxd4 8. cxd4 d5 9. e5 Be7 10. Bd2 0-0 11. a3 b5 12. Bc2 Qb6 13. Be3 Bd7 14. Nbd2 Na5 15. b4 Nc4 16. Nb3 Qc7 17. Nc5 Bxc5 18. bxc5 Be8 19. Bxg6 fxg6 20. Qd3 h6 21. h4 Qe7 22. Qe2 g5 23. hxg5 Bh5 24. Qc2 Rxf3 25. gxf3 Qf7 26. f4 hxg5 27. f5 Bf3 28. f6 Qh5 29. f7+ Kf8 30. Bxg5 Qh1# 0-1